000 00539nam a2200169 4500
001 138882
003 ES-MaACL
005 20230906195646.0
007 t|
008 070214s1914 cu r ||||1| spa d
100 1 _aSantovenia, Emeterio S.
_9103543
245 1 0 _aRamón Lazo
_b: contribución al estudio de Vuelta Abajo /
_cEmeterio S. Santovenia.
260 _aLa Habana :
_b[s. n.],
_c1914 (
_fImp. `La Universal`)
300 _a19 p. ;
_c25 x 16 cm.
651 4 _aVuelta Abajo (Cuba)
_9148578
852 _aES-MaACL
_j1679-F-7
_bR.4857
999 _c138882
_d138882